The blind man's garden / (Record no. 150980)

MARC details
000 -LEADER
fixed length control field 00566nam a22001937a 4500
005 - DATE AND TIME OF LATEST TRANSACTION
control field 20180410154110.0
010 ## - LCCN (DPL NO)
LC control number ENG-122604
020 ## - INTERNATIONAL STANDARD BOOK NUMBER
Terms of availability 550.00
035 ## - SYSTEM CONTROL NUMBER
System control number EN-106136
037 ## - SOURCE OF ACQUISITION
Source of stock number/acquisition DBAD/PUB
082 ## - DEWEY DECIMAL CLASSIFICATION NUMBER
Classification number N
100 ## - MAIN ENTRY--PERSONAL NAME
Personal name Nadeem Aslam
245 ## - TITLE STATEMENT
Title The blind man's garden /
Statement of responsibility, etc byNadeem Aslam
260 ## - PUBLICATION, DISTRIBUTION, ETC. (IMPRINT)
Date of publication, distribution, etc 2013
Place of publication, distribution, etc Noida
Name of publisher, distributor, etc Random House Publishers India Private Limited
270 ## - ADDRESS
Address Windsor IT Park,7th Floor,Tower-B A-1,Sector-125,(UP)
City Noida
Postal code 201301
Electronic mail address www.randomhouse.co.in
300 ## - PHYSICAL DESCRIPTION
Dimensions 22cm(Hb)
Extent 415p.
650 ## - SUBJECT ADDED ENTRY--TOPICAL TERM
Topical term or geographic name as entry element fiction
942 ## - ADDED ENTRY ELEMENTS (KOHA)
Item type English Books
Source of classification or shelving scheme Dewey Decimal Classification
Call number suffix NAD
Classification part N
Holdings
Withdrawn status Lost status Not for loan Collection code Home library Current library Date acquired Source of acquisition Cost, normal purchase price Full call number Barcode Copy number Cost, replacement price Koha item type
      Fiction Patel Nagar Patel Nagar 10/04/2018 DBAD/PUB 550.00 N NAD EN-106136 1 550.00 English Books

© Delhi Public Library
Hit Counter
free hit counter